SOCIAL RESEARCH METHODS: QUALITATIVE AND QUANTITATIVE APPROACHES (Record no. 10663)
[ view plain ]
| 000 -LEADER | |
|---|---|
| fixed length control field | 00386nam a22001577a 4500 |
| 003 - CONTROL NUMBER IDENTIFIER | |
| control field | SGT |
| 020 ## - INTERNATIONAL STANDARD BOOK NUMBER | |
| International Standard Book Number | 978-93-325-36449 |
| 082 ## - DEWEY DECIMAL CLASSIFICATION NUMBER | |
| Classification number | 001.42 |
| Item number | S15N |
| 100 ## - MAIN ENTRY--PERSONAL NAME | |
| Personal name | NEUMAN, W. LAWRENCE |
| 245 ## - TITLE STATEMENT | |
| Title | SOCIAL RESEARCH METHODS: QUALITATIVE AND QUANTITATIVE APPROACHES |
| 250 ## - EDITION STATEMENT | |
| Edition statement | 7TH |
| 260 ## - PUBLICATION, DISTRIBUTION, ETC. (IMPRINT) | |
| Place of publication, distribution, etc | INDIA |
| Name of publisher, distributor, etc | PEARSON |
| Year of Publication | 2015 |
| 300 ## - PAGE DESCRIPTION | |
| No. of Pages | 600 |
| 650 ## - SUBJECT ADDED ENTRY--TOPICAL TERM | |
| Topical term or geographic name as entry element | PSYCHOLOGY |
| 942 ## - ADDED ENTRY ELEMENTS (KOHA) | |
| Source of classification or shelving scheme | Dewey Decimal Classification |
| Koha item type | Books |
| 942 ## - ADDED ENTRY ELEMENTS (KOHA) | |
| -- | 1 |
| Withdrawn status | Lost status | Source of classification or shelving scheme | Damaged status | Not for loan | Collection code | Home library | Current library | Shelving location | Date acquired | Vendor Name | Cost, normal purchase price | SGTU | Bill Number | Total Checkouts | Full call number | Accession No. (Barcode) | Date last seen | Date last borrowed | Bill Date | Koha item type |
|---|---|---|---|---|---|---|---|---|---|---|---|---|---|---|---|---|---|---|---|---|
| Dewey Decimal Classification | MEDICAL | SGT Medical Library | SGT Medical Library | Text Book | 30/01/2017 | ABC | 649.00 | SGTU | 7043 | 1 | 001.42 S15N | FM7983 | 12/06/2024 | 15/04/2024 | 09/07/2016 | Books | ||||
| Dewey Decimal Classification | MEDICAL | SGT Medical Library | SGT Medical Library | Text Book | 30/01/2017 | ABC | 649.00 | SGTU | 7043 | 2 | 001.42 S15N | FM7984 | 25/02/2019 | 11/02/2019 | 09/07/2016 | Books | ||||
| Dewey Decimal Classification | MEDICAL | SGT Medical Library | SGT Medical Library | Text Book | 30/01/2017 | ABC | 649.00 | SGTU | 7043 | 001.42 S15N | FM7985 | 30/01/2017 | 09/07/2016 | Books |